Problémy vznikajúce pri kompenzácii cestovného zo sociálneho fondu

Posúdenie možnosti kompenzácie cestovného zo sociálneho fondu podľa zákona č.152/1994 Z.z. o sociálnom fonde a dane z príjmov č.286/1992 Zb. Tvorba sociálneho fondu na úhradu výdavkov na dopravu do zamestnania.

Salvato in:
Dettagli Bibliografici
Natura: Capitolo di libro
Lingua:slovacco
Soggetti:
Tags: Aggiungi Tag
Nessun Tag, puoi essere il primo ad aggiungerne!!

MARC

LEADER 00000naa a2200000 4500
001 r022400
005 20230912103554.2
041 0 |a slo 
044 |a SK 
245 1 0 |a Problémy vznikajúce pri kompenzácii cestovného zo sociálneho fondu 
520 |a Posúdenie možnosti kompenzácie cestovného zo sociálneho fondu podľa zákona č.152/1994 Z.z. o sociálnom fonde a dane z príjmov č.286/1992 Zb. Tvorba sociálneho fondu na úhradu výdavkov na dopravu do zamestnania. 
610 2 0 |a cestovné 
610 2 0 |a náhrada výdavkov 
610 2 0 |a fond sociálny 
610 2 0 |a zákony 
610 2 0 |a Slovensko 
610 2 0 |a 1994 
610 2 0 |a dane z príjmov 
610 2 0 |a 1992 
610 2 0 |a politika sociálna podniková